000 00245nam a22001217a 4500
003 SGT
082 _bKHA
100 _aKHANDELWAL, DHEERA
245 _aIN SEARCH OF STARS
260 _aDELHI
_bS.CHAND
_c2012
300 _a117
942 _2ddc
_cBK
999 _c20264
_d20264